Saṅkshipta Bihārī : (Record no. 71479)

MARC details
000 -LEADER
fixed length control field 00853cam a22002534a 4500
001 - CONTROL NUMBER
control field sa 66007895
003 - CONTROL NUMBER IDENTIFIER
control field DLC
005 - DATE AND TIME OF LATEST TRANSACTION
control field 20260227112308.0
008 - FIXED-LENGTH DATA ELEMENTS--GENERAL INFORMATION
fixed length control field 890907s1963 ii b 000 0 hino
010 ## - LIBRARY OF CONGRESS CONTROL NUMBER
LC control number sa 66007895
035 ## - SYSTEM CONTROL NUMBER
System control number (OCoLC)20310897
040 ## - CATALOGING SOURCE
Original cataloging agency DLC
Transcribing agency DLC
041 0# - LANGUAGE CODE
Language code of text/sound track or separate title hin
-- bra
050 00 - LIBRARY OF CONGRESS CALL NUMBER
Classification number PK1967.9.V47
Item number Z833 1963
100 1# - MAIN ENTRY--PERSONAL NAME
Personal name Prasad, Rama Shankar.
245 10 - TITLE STATEMENT
Title Saṅkshipta Bihārī :
Remainder of title saṭīka /
Statement of responsibility, etc. lekhaka Ramāśaṅkaraprasāda ; prākkathana-lekhka, Venīprasāda.
260 ## - PUBLICATION, DISTRIBUTION, ETC.
Place of publication, distribution, etc. Prayāga :
Name of publisher, distributor, etc. Inḍiyana Presa,
Date of publication, distribution, etc. 1963.
300 ## - PHYSICAL DESCRIPTION
Extent [10], 229 p. ;
Dimensions 18 cm.
546 ## - LANGUAGE NOTE
Language note In Hindi and Braj.
500 ## - GENERAL NOTE
General note Contains excerpts from Vihārī Lālā's works.
504 ## - BIBLIOGRAPHY, ETC. NOTE
Bibliography, etc. note Bibliographical footnotes.
600 00 - SUBJECT ADDED ENTRY--PERSONAL NAME
Personal name Vihārī Lāla,
Titles and other words associated with a name Kavi
General subdivision Criticism and interpretation.
700 02 - ADDED ENTRY--PERSONAL NAME
Personal name Vihārī Lāla,
Titles and other words associated with a name Kavi.
Form subheading Selections.
Date of a work 1963.

No items available.

Powered by Koha